| 000 | 00926nam a2200121Ia 4500 | ||
|---|---|---|---|
| 008 | 220620s9999||||xx |||||||||||||| ||und|| | ||
| 100 | _aLodgaard, Sverre | ||
| 245 | 0 |
_aNuclear Disarmament and Non-Proliferation _bTowards a Nuclear-Weapon-Free World? |
|
| 546 | _aEnglish[eng] | ||
| 650 | _awapencontrole||strategieen studies||veiligheidsstudies||international organizations||ir||internationale organisaties||security studies - pol & intl relns||strategic studies||arms control||China||India||Iran||North Korea||Nuclear proliferation||Nuclear weapon||Russia||Treaty on the Non-Proliferation of Nuclear Weapons||United States | ||
| 856 | _uhttps://library.oapen.org/bitstream/20.500.12657/34627/1/391036.pdf||https://library.oapen.org/bitstream/20.500.12657/34627/1/391036.pdf||https://library.oapen.org/bitstream/20.500.12657/34627/1/391036.pdf||https://library.oapen.org/bitstream/20.500.12657/34627/1/391036.pdf | ||
| 942 | _cEB | ||
| 999 |
_c28163 _d28163 |
||